|
|
|
|
| LEADER |
00000nab a2200000 a 4500 |
| 001 |
vtls000759507 |
| 003 |
SK-MaSNL |
| 005 |
20260304015734.0 |
| 008 |
180206c2001 xo 0 slo |
| 015 |
|
|
|a SNBRB2001/06-18046
|
| 035 |
|
|
|a CLN000111294
|
| 040 |
|
|
|a SNKBUCL
|b slo
|c SNKBUCL
|e AACR2
|
| 041 |
0 |
|
|a slo
|
| 044 |
|
|
|a xo
|c SK
|
| 080 |
|
|
|a 328.1(437.6):352/354
|2 UDC-MRF-SK2
|
| 100 |
1 |
|
|a Klesnilová, Alžbeta
|4 aut
|9 838469
|
| 245 |
1 |
0 |
|a Národná rada konečne rokuje o reforme verejnej správy
|b úvod rozpravy nepriniesol žiadne prekvapivé momenty ...
|c Alžbeta Klesnilová
|
| 300 |
|
|
|b Fotogr.
|
| 610 |
1 |
7 |
|a Slovensko.
|b Národná rada
|2 snkbucl
|9 165573
|
| 655 |
|
7 |
|a články z novín a časopisov
|2 snkbucl
|9 267496
|
| 773 |
0 |
|
|t Národná obroda
|g Roč. 12, č. 125 (1.6.2001), s. 2
|
| 850 |
|
|
|a Slovenská národná knižnica v Martine
|
| 852 |
|
|
|a SNK
|b KIS3GCP
|
| 958 |
|
|
|a RBX
|
| 999 |
|
|
|c 2593747
|d 2595677
|